000 01401nam a2200217Ia 4500
003 Ost
005 20260507075013.0
008 260507s9999||||xx |||||||||||||| ||und||
040 _cfsecg
041 _aara
082 _a657.95
100 _aنصر علي، عبد الوهاب
_eمؤلف
245 0 _aمحاسبة الشركات :
_bالأسس النظرية ومشاكل الممارسة العملية المحاسبة عن عمليات شركات الأشخاص /
_c عبد الوهاب نصر علي
260 _aالإسكندرية:
_bدار الجامعة الجديدة,
_c2003
300 _a399 صفحة؛
_bإيضاحات ؛
_c24 سم
520 _aأهم المفاهيم والحسابات الخاصة بشركات الأشخاص-المحاسبة عن حقوق ملكية الشركاء في شركات الأشخاص-المحاسبة عن توزيع الأرباح والخسائر في شركات الأشخاص-المحاسبة عن تغيير عقد شركة الأشخاص-المحاسبة عن تصفية شركات الأشخاص-المحاسبة عن إندماج شركات الأشخاص-أهم المصطلحات الخاصة بالمحاسبة في شركات الأشخاص-أسئلة وحالات عامة على شركات الأشخاص
653 _aالشركات
653 _aالشركات - محاسبة
653 _aالمحاسبة
942 _cكتاب
999 _c42178
_d42178